[Event "RA Active"]
[Site "Ottawa CAN"]
[Date "1998.03.12"]
[Round "7"]
[White "Collins, Chris"]
[Black "Pacey, Kevin"]
[Result "0-1"]
[WhiteElo "2120"]
[BlackElo "2210"]
[PlyCount "68"]
[GameId "2160767911873859"]
[EventDate "1998.02.26"]
[EventType "swiss (rapid)"]
[EventRounds "8"]
[EventCountry "CAN"]

1. e4 e6 2. d4 d5 3. Nd2 Nc6 4. Ngf3 Nf6 5. e5 Nd7 6. Bb5 a6 7. Bxc6 bxc6 8. O-O c5 9. c4 cxd4 10. cxd5 exd5 11. Nxd4 c5 12. e6 cxd4 13. exf7+ Kxf7 14. Qh5+ Ke6 15. Nb3 Nf6 16. Nxd4+ Kd7 17. Qh3+ Ke8 18. Re1+ Kf7 19. Qd3 Bd6 20. Bg5 Rf8 21. Nc6 Qd7 22. Ne5+ Bxe5 23. Rxe5 Kg8 24. Bxf6 gxf6 25. Rxd5 Qf7 26. Rc1 Be6 27. Rdc5 Rfd8 28. Qg3+ Qg6 29. Rc6 Qxg3 30. hxg3 Kf7 31. b3 Rac8 32. Rc7+ Rxc7 33. Rxc7+ Rd7 34. Rc6 a5 0-1

[Event "RA Active"]
[Site "Ottawa CAN"]
[Date "1998.03.12"]
[Round "8"]
[White "Pacey, Kevin"]
[Black "Van Adel, Steven"]
[Result "1-0"]
[WhiteElo "2210"]
[BlackElo "1983"]
[PlyCount "115"]
[GameId "2160767911873860"]
[EventDate "1998.02.26"]
[EventType "swiss (rapid)"]
[EventRounds "8"]
[EventCountry "CAN"]

1. d4 f5 2. g3 Nf6 3. Bg2 g6 4. c4 Bg7 5. Nc3 O-O 6. Nh3 Nc6 7. Nf4 e5 8. dxe5 Nxe5 9. Qb3 Kh8 10. O-O c6 11. Rd1 Qe7 12. Bd2 Qc5 13. Na4 Qxc4 14. Bc3 Qxb3 15. axb3 Nf7 16. Nb6 Rb8 17. Rxa7 d5 18. Nxc8 Rfxc8 19. Ne6 Re8 20. Nxg7 Kxg7 21. e3 Nd6 22. Bf1 Kf7 23. b4 Nfe4 24. b5 Nxc3 25. bxc3 Kg8 26. c4 Nxc4 27. Bxc4 dxc4 28. b6 Re5 29. Rc1 Rb5 30. Rxc4 Rxb6 31. Rd4 c5 32. Rd7 Rc6 33. Rdxb7 Rxb7 34. Rxb7 c4 35. Kf1 c3 36. Rb1 Kf7 37. Ke2 Ke6 38. Kd3 Ke5 39. f3 g5 40. f4+ gxf4 41. exf4+ Kd5 42. Rc1 Rh6 43. Rc2 Rh3 44. Kxc3 h5 45. Re2 h4 46. Re5+ Kd6 47. Rxf5 hxg3 48. hxg3 Rxg3+ 49. Kd4 Rf3 50. Ke4 Rf1 51. Ra5 Ke6 52. Ra6+ Kf7 53. Kf5 Re1 54. Ra7+ Kg8 55. Kf6 Re8 56. f5 Rf8+ 57. Kg6 Kh8 58. Rh7+ 1-0

[Event "RA Active ch"]
[Site "Ottawa CAN"]
[Date "1998.10.22"]
[Round "1"]
[White "Veltmann, Alfred"]
[Black "Pacey, Kevin"]
[Result "0-1"]
[WhiteElo "1733"]
[BlackElo "2266"]
[PlyCount "58"]
[GameId "2160767911806224"]
[EventDate "1998.10.22"]
[EventType "swiss (rapid)"]
[EventRounds "6"]
[EventCountry "CAN"]

1. e4 e5 2. Nf3 Nc6 3. Bb5 a6 4. Ba4 Nf6 5. O-O Be7 6. Re1 b5 7. Bb3 O-O 8. c3 d6 9. h3 Na5 10. Bc2 c5 11. d4 Qc7 12. Bg5 h6 13. Bh4 Nc6 14. a4 Bd7 15. d5 Na5 16. Nbd2 c4 17. Nf1 Rfe8 18. Ra3 Rab8 19. Qa1 b4 20. cxb4 Rxb4 21. Ne3 Reb8 22. Nd1 Nb3 23. Qa2 Qc5 24. Re3 Nd4 25. Nxd4 exd4 26. Re1 Nxd5 27. Bxe7 Nxe7 28. Rg3 d3 29. Bb1 Rxa4 0-1

[Event "RA Active ch"]
[Site "Ottawa CAN"]
[Date "1998.10.22"]
[Round "2"]
[White "Pacey, Kevin"]
[Black "Rodgers, Ron"]
[Result "1-0"]
[WhiteElo "2266"]
[BlackElo "1992"]
[PlyCount "107"]
[GameId "2160767911806225"]
[EventDate "1998.10.22"]
[EventType "swiss (rapid)"]
[EventRounds "6"]
[EventCountry "CAN"]

1. d4 d5 2. Nc3 Nf6 3. Bg5 Nbd7 4. Nf3 g6 5. e3 Bg7 6. Bd3 c6 7. O-O O-O 8. h3 Re8 9. Bf4 Nh5 10. Bh2 e5 11. Be2 e4 12. Nd2 Nhf6 13. Ncb1 Nb6 14. c4 dxc4 15. Nxc4 Nxc4 16. Bxc4 Be6 17. Bxe6 Rxe6 18. Nd2 Nd5 19. Nb3 f5 20. Nc5 Re7 21. Qb3 Qb6 22. Bd6 Qxb3 23. Nxb3 Rf7 24. Rae1 Re8 25. Nd2 Rd7 26. Bh2 Nb4 27. a3 Nd3 28. Rb1 c5 29. dxc5 Nxc5 30. Nc4 Nd3 31. a4 Rc8 32. b3 Rc6 33. Rfd1 Kf7 34. Kf1 Ke6 35. Ke2 b6 36. g4 a6 37. Rd2 b5 38. axb5 axb5 39. Na3 b4 40. Nc4 Ra7 41. gxf5+ gxf5 42. Rg1 Bf6 43. f3 Nc5 44. fxe4 Nxe4 45. Rc2 Rca6 46. Bb8 Ra8 47. Bf4 Ra2 48. Rgc1 Nc3+ 49. Kf3 Rxc2 50. Rxc2 Ra1 51. Nd2 Rh1 52. Kg2 Rd1 53. Nf3 Ne4 54. Rc6+ 1-0

[Event "RA Active ch"]
[Site "Ottawa CAN"]
[Date "1998.10.29"]
[Round "3"]
[White "Patterson, Roger"]
[Black "Pacey, Kevin"]
[Result "0-1"]
[WhiteElo "2137"]
[BlackElo "2266"]
[PlyCount "40"]
[GameId "2160767911806226"]
[EventDate "1998.10.22"]
[EventType "swiss (rapid)"]
[EventRounds "6"]
[EventCountry "CAN"]

1. e4 e6 2. d4 d5 3. Nc3 Bb4 4. e5 c5 5. a3 Bxc3+ 6. bxc3 Ne7 7. Nf3 Bd7 8. Bd3 Ba4 9. O-O Qc7 10. Ng5 h6 11. Qh5 g6 12. Qh3 c4 13. Be2 Bxc2 14. a4 Nbc6 15. f4 Nf5 16. Nf3 O-O-O 17. Nh4 Qa5 18. Ra3 Rdg8 19. Bd1 Bd3 20. Rf2 Ncxd4 0-1

[Event "RA Active ch"]
[Site "Ottawa CAN"]
[Date "1998.10.29"]
[Round "4"]
[White "Pacey, Kevin"]
[Black "Sarkar, Prosanto"]
[Result "0-1"]
[WhiteElo "2266"]
[BlackElo "2239"]
[PlyCount "46"]
[GameId "2160767911806227"]
[EventDate "1998.10.22"]
[EventType "swiss (rapid)"]
[EventRounds "6"]
[EventCountry "CAN"]

1. e4 c5 2. Nf3 Nc6 3. d4 cxd4 4. Nxd4 Nf6 5. Nc3 e5 6. Ndb5 d6 7. Bg5 a6 8. Na3 b5 9. Bxf6 gxf6 10. Nd5 f5 11. Nxb5 axb5 12. Bxb5 Bd7 13. exf5 Ra7 14. O-O Nd4 15. Bxd7+ Rxd7 16. f4 f6 17. c3 Nb5 18. a4 Nc7 19. a5 Bg7 20. a6 O-O 21. a7 Na8 22. b4 Rff7 23. Qa4 Bf8 0-1

[Event "RA Active ch"]
[Site "Ottawa CAN"]
[Date "1998.11.05"]
[Round "5"]
[White "Voloaca, Mihnea"]
[Black "Pacey, Kevin"]
[Result "1/2-1/2"]
[WhiteElo "2069"]
[BlackElo "2266"]
[PlyCount "103"]
[GameId "2160767911806228"]
[EventDate "1998.10.22"]
[EventType "swiss (rapid)"]
[EventRounds "6"]
[EventCountry "CAN"]

1. e4 e5 2. Nf3 Nc6 3. Bb5 a6 4. Ba4 Nf6 5. d4 exd4 6. O-O Be7 7. e5 Ne4 8. Nxd4 Nxd4 9. Qxd4 Nc5 10. Nc3 O-O 11. Bf4 Ne6 12. Qd2 Nxf4 13. Qxf4 d5 14. Bb3 c6 15. Rad1 Be6 16. Ne4 Qc7 17. Ng5 h6 18. Nxe6 fxe6 19. Qg4 Qxe5 20. Rfe1 Qf5 21. Qxf5 Rxf5 22. Rxe6 Kf7 23. Re2 Bf6 24. c3 Re8 25. Rxe8 Kxe8 26. Re1+ Re5 27. Rxe5+ Bxe5 28. Bc2 Bf4 29. Bf5 Kd8 30. b3 Be5 31. c4 dxc4 32. bxc4 Kc7 33. Kf1 a5 34. Ke2 Kd6 35. h3 Kc5 36. Kd3 Kb4 37. Bc8 b6 38. Bd7 Ka3 39. Bxc6 Kxa2 40. Kc2 Ka3 41. Kb1 Kb4 42. Bd5 Kc3 43. Ka2 Bd6 44. Be6 Kd3 45. Kb3 Ke2 46. Bc8 Kxf2 47. Bb7 Ke3 48. Bd5 Kd4 49. Bf7 Bg3 50. Be6 Kc5 51. Bf7 Kd4 52. Be6 1/2-1/2

[Event "RA Active ch"]
[Site "Ottawa CAN"]
[Date "1998.11.05"]
[Round "6"]
[White "Pacey, Kevin"]
[Black "Buidez, Y."]
[Result "1-0"]
[WhiteElo "2266"]
[BlackElo "2235"]
[PlyCount "63"]
[GameId "2160767911806229"]
[EventDate "1998.10.22"]
[EventType "swiss (rapid)"]
[EventRounds "6"]
[EventCountry "CAN"]

1. e4 c5 2. Nf3 Nc6 3. d4 cxd4 4. Nxd4 g6 5. c4 Bg7 6. Be3 Nf6 7. Nc3 Ng4 8. Qxg4 Nxd4 9. Qd1 Ne6 10. Qd2 Qa5 11. Be2 Bxc3 12. bxc3 b6 13. Rd1 d6 14. Qd5 Qxd5 15. cxd5 Nc5 16. Bxc5 bxc5 17. Rb1 Kd8 18. Kd2 Kc7 19. Rb3 Bd7 20. f4 Rhb8 21. Rhb1 Ba4 22. Rxb8 Rxb8 23. Rxb8 Kxb8 24. h4 Kc7 25. h5 Kb6 26. e5 c4 27. h6 Kc5 28. Bf3 Bd7 29. g4 Bc8 30. e6 f5 31. g5 Bb7 32. Bh5 1-0

[Event "RA Autumn op"]
[Site "Ottawa CAN"]
[Date "1998.11.07"]
[Round "1"]
[White "Burgess, Doug"]
[Black "Gagnon, Fabien"]
[Result "1/2-1/2"]
[WhiteElo "1964"]
[BlackElo "2122"]
[PlyCount "78"]
[GameId "2160767911806077"]
[EventDate "1998.11.07"]
[EventType "swiss"]
[EventRounds "5"]
[EventCountry "CAN"]

1. e4 e6 2. d4 d5 3. exd5 exd5 4. c4 Nf6 5. Nc3 Be7 6. Nf3 O-O 7. Bd3 dxc4 8. Bxc4 Nbd7 9. O-O Nb6 10. Bb3 c6 11. a3 Bg4 12. Be3 Qd7 13. Qe2 Rad8 14. Rfe1 Rfe8 15. Bxf7+ Kxf7 16. Ne5+ Kg8 17. Nxd7 Bxe2 18. Nxf6+ Bxf6 19. Rxe2 Kf7 20. Rd1 Nc4 21. Kf1 Re7 22. b4 Nxa3 23. Ra1 Nc4 24. Rxa7 Bxd4 25. Bxd4 Rxd4 26. Rxe7+ Kxe7 27. Rxb7+ Rd7 28. Rxd7+ Kxd7 29. Ke2 Ke6 30. Ne4 Ke5 31. Nc5 Nb6 32. Kd3 Kd5 33. Kc3 Ke5 34. Nd3+ Ke4 35. Nc5+ Ke5 36. Kd3 Nd5 37. Kc4 Nb6+ 38. Kd3 Nd5 39. Kc4 Nb6+ 1/2-1/2

[Event "RA Autumn op"]
[Site "Ottawa CAN"]
[Date "1998.11.08"]
[Round "2"]
[White "Gagnon, Fabien"]
[Black "Van Adel, Steven"]
[Result "0-1"]
[WhiteElo "2122"]
[BlackElo "1983"]
[PlyCount "74"]
[GameId "2160767911806078"]
[EventDate "1998.11.07"]
[EventType "swiss"]
[EventRounds "5"]
[EventCountry "CAN"]

1. e4 c5 2. Nf3 Nc6 3. d4 cxd4 4. Nxd4 e5 5. Nb5 d6 6. N1c3 a6 7. Na3 b5 8. Nd5 Be7 9. Be3 Rb8 10. Be2 Nf6 11. f3 Nxd5 12. Qxd5 Qc7 13. O-O Nd4 14. Bxd4 Be6 15. Nxb5 Qd7 16. Nxd6+ Bxd6 17. Qa5 exd4 18. b3 O-O 19. Qxa6 Rfc8 20. Qd3 Rc3 21. Qd1 Qc7 22. Bd3 Bxh2+ 23. Kf2 Qg3+ 24. Ke2 Qg5 25. Qc1 Bf4 26. Qe1 f5 27. Kd1 g6 28. Qe2 Kg7 29. Rh1 Rf8 30. Qf2 fxe4 31. Bxe4 Be3 32. Qe2 Bf5 33. Bxf5 Rxf5 34. b4 Re5 35. a4 Qe7 36. Rb1 Bf4 37. Qf2 d3 0-1

[Event "RA Autumn op"]
[Site "Ottawa CAN"]
[Date "1998.11.08"]
[Round "3"]
[White "Gagnon, Fabien"]
[Black "Hardie, Mackenzie"]
[Result "0-1"]
[WhiteElo "2122"]
[BlackElo "2044"]
[PlyCount "125"]
[GameId "2160767911806079"]
[EventDate "1998.11.07"]
[EventType "swiss"]
[EventRounds "5"]
[EventCountry "CAN"]

1. e4 e5 2. Nf3 Nc6 3. Bb5 a6 4. Ba4 Nf6 5. d3 b5 6. Bb3 Be7 7. c3 d6 8. h3 O-O 9. O-O h6 10. Nbd2 Re8 11. Re1 Bf8 12. Nf1 Bb7 13. Ng3 Na5 14. Bc2 c5 15. Nf5 Qc7 16. g4 d5 17. g5 hxg5 18. Bxg5 dxe4 19. dxe4 Qc6 20. Qe2 Nh7 21. Bh4 Nc4 22. Bg3 g6 23. Ne3 Nxe3 24. Qxe3 Bg7 25. Rad1 Bc8 26. Rd5 Qe6 27. Rxc5 Qxh3 28. Bb3 Bh6 29. Qd3 Bf4 30. Qf1 Qh5 31. Bxf4 Bh3 32. Qe2 Bg4 33. Bd1 Bxf3 34. Qxf3 Qxf3 35. Bxf3 exf4 36. Rd1 Re6 37. Rc7 Ng5 38. Kg2 Nxe4 39. Bxe4 Rxe4 40. Rdd7 Rf8 41. Kf3 Re6 42. b3 Kg7 43. c4 bxc4 44. bxc4 g5 45. a3 Kg6 46. c5 f6 47. Rb7 Rc6 48. Rbc7 Rc8 49. Rxc8 Rxc8 50. Rd5 Rb8 51. Rd3 Kf5 52. c6 Rc8 53. Rc3 Ke5 54. Kg4 Kd6 55. Kf5 Rxc6 56. Rh3 Kc5 57. Rc3+ Kb5 58. Rd3 Ka4 59. Ke4 Rb6 60. Kf5 a5 61. Kg6 Rb3 62. Rd4+ Kxa3 63. Kxf6 0-1

[Event "RA Autumn op"]
[Site "Ottawa CAN"]
[Date "1998.11.09"]
[Round "4"]
[White "Peev, Pavel"]
[Black "Gagnon, Fabien"]
[Result "1/2-1/2"]
[WhiteElo "2003"]
[BlackElo "2122"]
[PlyCount "102"]
[GameId "2160767911806080"]
[EventDate "1998.11.07"]
[EventType "swiss"]
[EventRounds "5"]
[EventCountry "CAN"]

1. e4 c5 2. Nf3 e6 3. d4 cxd4 4. Nxd4 a6 5. c4 Nf6 6. Bd3 Nc6 7. Nxc6 bxc6 8. Qe2 d5 9. O-O Be7 10. exd5 cxd5 11. Nc3 Bb7 12. Rd1 dxc4 13. Bxc4 Qc7 14. Be3 O-O 15. Rac1 Bd6 16. h3 Qc6 17. Qf1 Rac8 18. Bb3 Rfd8 19. Ba4 Qc7 20. Nb5 Bh2+ 21. Kh1 Rxd1 22. Qxd1 Qa5 23. Rxc8+ Bxc8 24. Kxh2 axb5 25. Bb3 Qc7+ 26. Kg1 Bb7 27. Qc2 Qxc2 28. Bxc2 Kf8 29. a4 bxa4 30. Bxa4 Nd5 31. Bc5+ Kg8 32. b4 f5 33. Bd7 Kf7 34. b5 Nc3 35. Bb4 Nd5 36. Bc5 Ne7 37. Kf1 g6 38. Ke2 Bxg2 39. f3 Nd5 40. b6 Nxb6 41. Bxb6 Bxh3 42. Bd8 h6 43. Kf2 f4 44. Bc7 g5 45. Be5 Bf5 46. Bc6 Bd3 47. Ba4 Kg6 48. Be8+ Kf5 49. Bg7 g4 50. fxg4+ Kxg4 51. Bxh6 e5 1/2-1/2

[Event "RA Autumn op"]
[Site "Ottawa CAN"]
[Date "1998.11.09"]
[Round "5"]
[White "Gagnon, Fabien"]
[Black "De Kerpel, Stijn"]
[Result "0-1"]
[WhiteElo "2122"]
[BlackElo "2054"]
[PlyCount "74"]
[GameId "2160767911806081"]
[EventDate "1998.11.07"]
[EventType "swiss"]
[EventRounds "5"]
[EventCountry "CAN"]

1. d4 d5 2. Nf3 Nf6 3. g3 e6 4. Bg2 c5 5. O-O Nc6 6. c3 Bd7 7. Nbd2 cxd4 8. cxd4 Qb6 9. Nb3 a5 10. e3 a4 11. Nbd2 Nb4 12. Ne5 Bb5 13. a3 Bxf1 14. Bxf1 Nc6 15. Ndf3 Nxe5 16. dxe5 Nd7 17. Bd2 Be7 18. Bc3 O-O 19. Bd3 Qd8 20. Rc1 Nc5 21. Bb1 Nb3 22. Rc2 Rc8 23. Ne1 f6 24. Qg4 Nc5 25. exf6 Bxf6 26. Bb4 Qb6 27. Bxc5 Rxc5 28. Rxc5 Qxc5 29. Qxe6+ Kh8 30. Nd3 Qc4 31. Qb6 Qg4 32. Kg2 Qd1 33. Qb4 Rd8 34. Qe1 Qxe1 35. Nxe1 Bxb2 36. Bc2 b5 37. Bd3 b4 0-1

[Event "RA O'Keefe"]
[Site "Ottawa CAN"]
[Date "1998.09.10"]
[Round "1"]
[White "De Kerpel, Stijn"]
[Black "Pacey, Kevin"]
[Result "1/2-1/2"]
[WhiteElo "2007"]
[BlackElo "2298"]
[PlyCount "83"]
[GameId "2160767911806387"]
[EventDate "1998.09.10"]
[EventType "swiss"]
[EventRounds "7"]
[EventCountry "CAN"]

1. c4 e6 2. Nf3 d5 3. b3 Nf6 4. Bb2 Be7 5. e3 O-O 6. Be2 c5 7. O-O Nc6 8. d4 dxc4 9. Bxc4 a6 10. Be2 b6 11. dxc5 Bxc5 12. Qxd8 Rxd8 13. Nc3 Be7 14. Rfd1 Bb7 15. Rac1 b5 16. Kf1 Kf8 17. h3 Ke8 18. Rxd8+ Bxd8 19. Bd3 h6 20. Ke2 Nb4 21. Bb1 Bb6 22. Ne1 Rc8 23. g3 Nd7 24. Nd3 Nxd3 25. Bxd3 Nc5 26. Bb1 b4 27. Ne4 Bxe4 28. Bxe4 Rc7 29. Bb1 f6 30. Rc4 a5 31. Bd4 Nd7 32. Rxc7 Bxc7 33. Bd3 Bb6 34. Bb2 Ke7 35. Bb5 Nf8 36. Kd3 Kd6 37. f4 Bd8 38. a3 e5 39. f5 Kc5 40. a4 Bc7 41. Ke4 Bb6 42. Bc1 1/2-1/2

[Event "RA O'Keefe"]
[Site "Ottawa CAN"]
[Date "1998.09.17"]
[Round "2"]
[White "Pacey, Kevin"]
[Black "Bunning, Les"]
[Result "1-0"]
[WhiteElo "2298"]
[BlackElo "2006"]
[PlyCount "107"]
[GameId "2160767911806388"]
[EventDate "1998.09.10"]
[EventType "swiss"]
[EventRounds "7"]
[EventCountry "CAN"]

1. d4 Nf6 2. Nc3 g6 3. e4 d6 4. f4 Bg7 5. Nf3 O-O 6. e5 dxe5 7. dxe5 Qxd1+ 8. Kxd1 Rd8+ 9. Bd2 Nd5 10. Nxd5 Rxd5 11. Bc4 Rd8 12. h3 c5 13. Ng5 e6 14. Ne4 Bf8 15. Bd3 Nc6 16. Nf6+ Kg7 17. Be4 Be7 18. Bxc6 bxc6 19. Ne4 c4 20. Ke2 Rd7 21. Bc3 Bb7 22. Rad1 Rad8 23. Nd6 Bxd6 24. exd6+ f6 25. Ba5 Re8 26. Kf2 e5 27. Rhe1 e4 28. Re3 f5 29. Bc3+ Kf7 30. Be5 Rxe5 31. fxe5 Ke6 32. Ra3 Kxe5 33. Ra5+ Ke6 34. Rxa7 f4 35. a4 c5 36. a5 e3+ 37. Kg1 f3 38. gxf3 e2 39. Re1 Bxf3 40. Rxd7 Kxd7 41. Kf2 Bb7 42. Rxe2 Kxd6 43. Re8 Kd7 44. Rh8 h5 45. Rh7+ Kc8 46. h4 Be4 47. c3 Kb8 48. Ke3 Bf5 49. Kf4 Bd3 50. Ke5 g5 51. Rh8+ Ka7 52. hxg5 Ka6 53. Kf6 Kxa5 54. g6 1-0

[Event "RA O'Keefe"]
[Site "Ottawa CAN"]
[Date "1998.09.24"]
[Round "3"]
[White "Oldland, Ray"]
[Black "Pacey, Kevin"]
[Result "0-1"]
[WhiteElo "1650"]
[BlackElo "2290"]
[PlyCount "28"]
[GameId "2160767911806389"]
[EventDate "1998.09.10"]
[EventType "swiss"]
[EventRounds "7"]
[EventCountry "CAN"]

1. e4 e5 2. Nf3 Nf6 3. Nc3 Nc6 4. d4 exd4 5. Nxd4 Bb4 6. Nxc6 bxc6 7. Bd2 O-O 8. Bd3 d5 9. exd5 Bxc3 10. Bxc3 Re8+ 11. Be2 Ba6 12. dxc6 Rxe2+ 13. Qxe2 Bxe2 14. Kxe2 Qe8+ 0-1

[Event "RA O'Keefe"]
[Site "Ottawa CAN"]
[Date "1998.10.01"]
[Round "4"]
[White "Pacey, Kevin"]
[Black "Saleh, Maher"]
[Result "0-1"]
[WhiteElo "2290"]
[BlackElo "2324"]
[PlyCount "66"]
[GameId "2160767911806390"]
[EventDate "1998.09.10"]
[EventType "swiss"]
[EventRounds "7"]
[EventCountry "CAN"]

1. d4 Nf6 2. c4 g6 3. Nc3 d5 4. cxd5 Nxd5 5. e4 Nxc3 6. bxc3 Bg7 7. Bc4 c5 8. Ne2 Nc6 9. Be3 O-O 10. O-O Qc7 11. Rc1 Rd8 12. Kh1 a6 13. f4 b5 14. Bd3 c4 15. Bb1 f5 16. exf5 gxf5 17. Ng3 e6 18. Nh5 Bh8 19. Bf2 Kf7 20. Bh4 Rd6 21. Nf6 Bxf6 22. Qh5+ Kg7 23. Bxf6+ Kxf6 24. Rf3 Ke7 25. Rg3 Kd7 26. Rg7+ Ne7 27. Qxh7 Qd8 28. Re1 Rd5 29. g4 Kd6 30. g5 b4 31. cxb4 Rxd4 32. Rf7 Rd2 33. Kg1 Qb6+ 0-1

[Event "RA O'Keefe"]
[Site "Ottawa CAN"]
[Date "1998.10.08"]
[Round "5"]
[White "Abt, Michael"]
[Black "Pacey, Kevin"]
[Result "0-1"]
[WhiteElo "1809"]
[BlackElo "2282"]
[PlyCount "61"]
[GameId "2160767911806391"]
[EventDate "1998.09.10"]
[EventType "swiss"]
[EventRounds "7"]
[EventCountry "CAN"]

1. e4 e5 2. Bc4 Nf6 3. d3 Nc6 4. a3 Bc5 5. Nc3 h6 6. Nf3 a6 7. Nh4 d6 8. Nf5 Bxf5 9. exf5 d5 10. Ba2 Qd7 11. Qf3 Nd4 12. Qd1 Nxf5 13. O-O O-O 14. b4 Bd4 15. Bb2 Nh4 16. h3 Qf5 17. Kh1 c6 18. Rb1 Rae8 19. f3 Qg5 20. g4 Nh5 21. Bc1 Ng3+ 22. Kh2 Nxf1+ 23. Qxf1 Qf6 24. Nxd5 cxd5 25. Bxd5 e4 26. f4 e3 27. Be4 g5 28. f5 Rxe4 29. dxe4 Qe5+ 30. Kh1 Qxe4+ 31. Kh2 0-1

[Event "RA O'Keefe"]
[Site "Ottawa CAN"]
[Date "1998.10.15"]
[Round "6"]
[White "Pacey, Kevin"]
[Black "Voloaca, Mihnea"]
[Result "1-0"]
[WhiteElo "2282"]
[BlackElo "2095"]
[PlyCount "125"]
[GameId "2160767911806392"]
[EventDate "1998.09.10"]
[EventType "swiss"]
[EventRounds "7"]
[EventCountry "CAN"]

1. d4 Nf6 2. Nc3 d5 3. Bg5 Nbd7 4. Nf3 c6 5. e3 Qb6 6. Rb1 g6 7. Bd3 Bg7 8. O-O O-O 9. Re1 e5 10. Be2 Re8 11. Bh4 Ne4 12. Bg3 Nxg3 13. hxg3 exd4 14. exd4 Nf8 15. Qd2 Bg4 16. Na4 Qc7 17. Nc5 Ne6 18. Nb3 Bxf3 19. gxf3 a5 20. a4 Qb6 21. Rbd1 h5 22. Kg2 Qb4 23. Qxb4 axb4 24. a5 Re7 25. Bf1 Rae8 26. Re3 f5 27. f4 h4 28. Rf3 Kf7 29. c3 hxg3 30. fxg3 bxc3 31. bxc3 Nf8 32. Nc5 Ra8 33. Ra1 b6 34. Nb3 bxa5 35. Rxa5 Rb8 36. Nc5 Nd7 37. Nd3 Re6 38. Ra7 Ke8 39. Rf2 Rb3 40. Rxd7 Bxd4 41. cxd4 Rxd3 42. Bxd3 Kxd7 43. Re2 Rf6 44. Ra2 Kc7 45. Ra7+ Kb6 46. Rd7 Re6 47. Kf2 Ka5 48. Rb7 Re8 49. Rg7 Re6 50. g4 Kb4 51. gxf5 gxf5 52. Bxf5 Rf6 53. Rg5 Kc3 54. Ke3 c5 55. dxc5 d4+ 56. Ke4 Kc4 57. Bh3 d3 58. Bf1 Re6+ 59. Re5 Rh6 60. Bxd3+ Kc3 61. Rd5 Re6+ 62. Kf5 Re5+ 63. fxe5 1-0

[Event "RA Spring op"]
[Site "Ottawa CAN"]
[Date "1998.03.14"]
[Round "1"]
[White "Cohen, David"]
[Black "Arseneau, Peter"]
[Result "1-0"]
[WhiteElo "2026"]
[BlackElo "1855"]
[PlyCount "131"]
[GameId "2160767911873762"]
[EventDate "1998.03.14"]
[EventType "swiss"]
[EventRounds "5"]
[EventCountry "CAN"]

1. d4 Nf6 2. c4 g6 3. Nc3 d5 4. cxd5 Nxd5 5. e4 Nxc3 6. bxc3 Bg7 7. Nf3 c5 8. Be2 O-O 9. O-O Nc6 10. Be3 cxd4 11. cxd4 Bg4 12. d5 Ne5 13. Nxe5 Bxe2 14. Qxe2 Bxe5 15. Rab1 b6 16. f4 Bg7 17. Qd2 Qd7 18. Rfd1 Rfd8 19. Qb4 Bf8 20. e5 Rac8 21. Rd2 Qc7 22. Rbd1 Qc4 23. Qxc4 Rxc4 24. Rd4 Rxd4 25. Rxd4 Bg7 26. Kf2 f5 27. Ke2 Kf8 28. Kd3 Ke8 29. Kc4 a6 30. Rd3 Rc8+ 31. Kb4 Rc2 32. Rd2 Rxd2 33. Bxd2 Kd7 34. Be3 Kc7 35. a4 Bf8 36. a5 b5 37. Bb6+ Kd7 38. Bd4 e6+ 39. d6 Kc6 40. Kc3 Bg7 41. Kd3 Kd7 42. Ke3 Bh8 43. Kf3 Bg7 44. Kg3 Kc6 45. Kh4 Kd7 46. Kg5 Ke8 47. h4 Kd7 48. h5 gxh5 49. Kxh5 Kc6 50. Kg5 Kd7 51. g4 fxg4 52. Kxg4 Bf8 53. Bc5 Bg7 54. Kg5 Ke8 55. f5 Kd7 56. f6 Bf8 57. Bb4 Kd8 58. Kh5 Kd7 59. Bd2 Kc6 60. Bh6 b4 61. d7 Kxd7 62. Bxf8 b3 63. Ba3 Ke8 64. Kh6 Kf7 65. Kxh7 Ke8 66. Kg7 1-0

[Event "RA Spring op"]
[Site "Ottawa CAN"]
[Date "1998.03.14"]
[Round "1"]
[White "Pacey, Kevin"]
[Black "Apostolov, Penka"]
[Result "1-0"]
[WhiteElo "2304"]
[BlackElo "2017"]
[PlyCount "69"]
[GameId "2160767911873763"]
[EventDate "1998.03.14"]
[EventType "swiss"]
[EventRounds "5"]
[EventCountry "CAN"]

1. e4 c5 2. Nf3 Nc6 3. Bb5 e6 4. Nc3 Nge7 5. d4 cxd4 6. Nxd4 a6 7. Nxc6 bxc6 8. Ba4 Ng6 9. O-O Qc7 10. f4 Bc5+ 11. Kh1 d6 12. Qh5 Bd7 13. f5 Ne5 14. Qg5 Rg8 15. fxe6 Bxe6 16. Nd5 Bxd5 17. exd5 Kf8 18. dxc6 f6 19. Bb3 Ke7 20. Qg3 Qxc6 21. Bxg8 Rxg8 22. Be3 Bxe3 23. Qxe3 Qxc2 24. Rac1 Qd3 25. Qa7+ Ke6 26. h3 Qb5 27. Rfd1 h5 28. Rc7 Qxb2 29. Re7+ Kf5 30. Rxg7 Rxg7 31. Qxg7 Qe2 32. Rxd6 Qe1+ 33. Kh2 Ng4+ 34. hxg4+ hxg4 35. Rxf6+ 1-0

[Event "RA Spring op"]
[Site "Ottawa CAN"]
[Date "1998.03.14"]
[Round "1"]
[White "Veltmann, Alfred"]
[Black "Raletich, George"]
[Result "1/2-1/2"]
[WhiteElo "1999"]
[BlackElo "1847"]
[PlyCount "229"]
[GameId "2160767911873764"]
[EventDate "1998.03.14"]
[EventType "swiss"]
[EventRounds "5"]
[EventCountry "CAN"]

1. e4 e5 2. Nf3 Nc6 3. Bb5 a6 4. Ba4 Nf6 5. O-O b5 6. Bb3 h6 7. Re1 Be7 8. c3 O-O 9. d4 d6 10. h3 Nd7 11. Nbd2 Na5 12. Bc2 c5 13. Nf1 Re8 14. dxe5 dxe5 15. Ng3 Qc7 16. Nf5 Bf8 17. N3h4 Nf6 18. g4 g5 19. Ng2 Bxf5 20. gxf5 Rad8 21. Qe2 c4 22. Be3 Nb7 23. f3 Nc5 24. Red1 Nh7 25. Bf2 Be7 26. h4 f6 27. Ne3 Qc6 28. Nd5 Bd6 29. hxg5 fxg5 30. Kg2 Bf8 31. Rd2 Nf6 32. Rad1 Rd6 33. Nb4 Rxd2 34. Rxd2 Qc8 35. Qd1 g4 36. Bxc5 gxf3+ 37. Kxf3 Bxc5 38. Nd5 Nh7 39. Qh1 Bf8 40. Qh5 Rd8 41. Qg6+ Kh8 42. Nf6 Ng5+ 43. Ke2 Bg7 44. Rxd8+ Qxd8 45. Qe8+ Qxe8 46. Nxe8 a5 47. Nd6 h5 48. Nxb5 Bf8 49. b3 cxb3 50. axb3 h4 51. Kf2 Bc5+ 52. Kg2 h3+ 53. Kh2 Be3 54. Bd1 Bf4+ 55. Kh1 Nxe4 56. Bf3 Nd2 57. Bd1 e4 58. Nd4 Be5 59. Ne2 e3 60. Bc2 Kg7 61. b4 axb4 62. cxb4 Kf6 63. b5 Nc4 64. Bd3 Nb6 65. Bc2 Nc4 66. Bd3 Nd6 67. Ng1 Nxf5 68. Nxh3 e2 69. Bxe2 Ng3+ 70. Kg2 Nxe2 71. Nf2 Bd4 72. Nd3 Nc3 73. Kf3 Nxb5 74. Ke4 Ke6 75. Nb4 Kd6 76. Nd3 Bg1 77. Nf4 Nc3+ 78. Kd3 Na4 79. Ke4 Nc5+ 80. Kf3 Ke5 81. Ne2 Bh2 82. Nc3 Bf4 83. Ne2 Bd2 84. Ng3 Ne6 85. Nf1 Nd4+ 86. Kg4 Bf4 87. Ng3 Nc2 88. Ne2 Be3 89. Kf3 Bh6 90. Ng3 Nd4+ 91. Kf2 Bg5 92. Nf1 Kf4 93. Nd2 Bh4+ 94. Kg2 Ke3 95. Nc4+ Ke2 96. Ne5 Bg5 97. Kh3 Bf4 98. Ng6 Bd6 99. Kg4 Ke3 100. Kg5 Ke4 101. Kf6 Nf3 102. Ke6 Bb4 103. Kd7 Nd4 104. Ne7 Ba3 105. Nc6 Nb5 106. Ke6 Nc7+ 107. Kd7 Nd5 108. Ke6 Nf4+ 109. Kd7 Ng6 110. Ke6 Nf8+ 111. Kf6 Kd5 112. Ne7+ Kd6 113. Nf5+ Kd7 114. Ke5 Bb2+ 115. Kd5 1/2-1/2

[Event "RA Spring op"]
[Site "Ottawa CAN"]
[Date "1998.03.14"]
[Round "2"]
[White "Laurin, Marcel"]
[Black "Veltmann, Alfred"]
[Result "0-1"]
[WhiteElo "1950"]
[BlackElo "1999"]
[PlyCount "55"]
[GameId "2160767911873765"]
[EventDate "1998.03.14"]
[EventType "swiss"]
[EventRounds "5"]
[EventCountry "CAN"]

1. e4 e5 2. Nf3 Nc6 3. Bb5 a6 4. Bxc6 dxc6 5. d3 Bd6 6. Be3 Bg4 7. c3 Qd7 8. Nbd2 h6 9. h3 Be6 10. d4 f6 11. c4 exd4 12. Nxd4 c5 13. Ne2 O-O-O 14. Nc3 Be5 15. O-O Bd4 16. Nd5 Bxe3 17. Nxe3 Qxd2 18. Qh5 Qb4 19. Qe2 Rd7 20. Rac1 Ne7 21. Nd5 Bxd5 22. cxd5 Rhd8 23. a3 Qd4 24. Rb1 c6 25. b4 c4 26. dxc6 Nxc6 27. b5 axb5 28. Rxb5 0-1